000 00513nam a2200193Ia 4500
008 131103s9999 xx 000 0 und d
040 _aLoreto College
041 _aEnglish
082 _a922/PRO
_bLCLIB
100 _aMasters, R J
245 _aMartyred in Mexico
_cR J Masters
260 _aMexico
_b[s.n.]
_c1927
300 _a84p.
_b ill.
_c 20cm.
440 _aLight of the East series; No.10
650 _aPro, Father Michael Augustine
651 _aBiography
850 _aLCLIB/922/PRO
942 _cBK
999 _c25397
_d75876